00770nam a2200241Ia 450000500170000000800410001702000130005804000190007104100120009008200190010224500710012126000280019230000120022044000200023250400500025265000190030265100360032170000190035785000100037694200070038699900160039395201190040920221121101013.0131103s9999 xx 000 0 und d a33085655 aLoreto College aEnglish a821.7bWOR-HAR aWordsworthb the prelude cedited by W.J.Harvey and Richard Gravil aLondonbMacmillanc1972 a256 p.  aCasebook Series aIncludes bibliographical references and index aEnglish Poetry aWordsworth - Poetry - Criticism aHarvey,W.J.ed. aLCLIB cBK c5964d56443 00102ddc4070aMAINbMAINd2013-11-04l3o821.7 WOR - HAR 37929pB5833r2018-04-23s2018-04-23w2013-11-04yBKf